000 00810nam a2200205 a 4500
001 000043242
005 20250909091242.0
008 140303s2008 sp 000 0 spa d
020 _a9788483470671
040 _aDO-SdBNP
_bspa
_cBNPHU
100 1 _aAriel Olmos, Héctor
_970840
245 1 0 _aGestión cultural y desarrollo, claves del desarrollo /
_cHéctor Ariel Olmos.
260 _aMadrid :
_bAgencia Española de Cooperación Internacional para el Desarrollo,
_c2008.
300 _a224 p. ;
_c23 cm.
490 1 _aCultura y Desarrollo
_v7
504 _aIncluye referencias bibliográficas y notas al pie de las páginas
710 2 _aAgencia Española de Cooperación Internacional
_934585
710 2 _aAgencia Española de Cooperación Internacional
_934585
830 0 _aCultura y Desarrollo
_v7
_970835
999 _c42731
_d42731